1424 1506 1385 1793 1098 1730 1115 1030 1696 1158 1584 1581 1370 1955 1624 1891 1432 1522 1401 1916 1621 1721 1700 1249 1739 1968 1296 1135 1103 1236 1568 1776 1524 1818 1613 1425 1378 1969 1897 1475 1625 1957 1992 1588 1182 1823 1953 1751 1898 1402 1302 1743 1972 1759 1930 1503 1676 1476 1552 1763 1890 1484 1185 1318 1803 1592 1546 1785 1047 1386 1777 1532 1349 1121 1072 1634 1470 1804 1352 1739 1842 1260 1666 1906 1590 1690 1181 1820 1229 1430 1825 1264 1181 1951 1190 1690 1019 1420 1997 BCNSPRNW ULIB Ver.6.0+V

เปลี่ยนเป็นภาษาไทย

Change to English
 แสดงรายละเอียดบรรณานุกรม
  กลับหน้าหลัก

Brief Record : Get Marc (ISO 2709) : E-mail record : QR code < ปิดหน้าต่าง
LEADER : 00000nam 2200000uu 4500
001    13399112067
003     ULIB
008    110627s2553||||th 000 0 tha d
090    นว.^bก535T 2553
100 0  ก้าวไกล
245 00 The House บ้านเช่า...วิญญาณหลอน/^cก้าวไกล
250    พิมพ์ครั้งที่ 1
260    กรุงเทพฯ :^bโซฟา,^c2553
300    248 หน้า
710 1  โซฟา
945    ^p185^l0^i028066
995    ทศพร
999 ^a ใช้งานได้ทุกระบบ
รายการนี้ยังไม่มีแท็ก
คุณยังไม่ได้ล็อกอิน คุณสามารถมีกิจกรรมร่วมกับเว็บไซต์ได้ แต่ต้องล็อกอินก่อน ::
  ล็อกอิน

รายการสื่อสารสนเทศ

ลำดับที่ ประเภท เลขเรียก/บาร์โค้ด สถานที่ สถานะ
- ไม่พบข้อมูล -

BibComment


ยังไม่เคยถูกคอมเมนท์

คอมเมนท์ทรัพยากรรายการนี้
  คอมเมนท์: The House บ้านเช..


 Copyright 2026. Bcnsprnw @Library